[Event "2. Bundesliga Mitte 2005/2006"]
[Site "Ansfelden"]
[Date "2006.02.03"]
[Round "5.5"]
[White "Fahrner, Kurt"]
[Black "Butunoi, Alexandru"]
[Result "0-1"]
[WhiteElo "2355"]
[BlackElo "2356"]
[PlyCount "80"]
[EventDate "2006.??.??"]

1. c4 g6 2. Nc3 Bg7 3. d4 c5 4. d5 f5 5. e4 fxe4 6. Nxe4 Nf6 7. Nxf6+ Bxf6 8.
Bd3 d6 9. Ne2 Nd7 10. Ng3 Ne5 11. Be2 Bg7 12. h4 Qb6 13. Qc2 O-O 14. h5 Bf5 15.
Nxf5 gxf5 16. Bf4 Ng4 17. Rb1 Bd4 18. O-O Rf7 19. b3 Kh8 20. Rbe1 Rg8 21. Bd3
Qd8 22. g3 Ne5 23. Kg2 Qf8 24. Rh1 Rg4 25. Rh3 Qg8 26. Bxe5+ dxe5 27. Bxf5 Rf4
28. Rxe5 Bxe5 29. Be6 Rxf2+ 30. Qxf2 Rxf2+ 31. Kxf2 Qf8+ 32. Kg2 Bd4 33. Rh1
Qf2+ 34. Kh3 Qf3 35. Re1 Qxh5+ 36. Kg2 Qg5 37. Re4 h5 38. Rh4 Be5 39. Bg4 Qxg4
40. Rxg4 hxg4 0-1

[Event "2. Bundesliga Mitte 2005/2006"]
[Site "Ansfelden"]
[Date "2006.02.03"]
[Round "5.5"]
[White "Pesorda, Ivan"]
[Black "Ebner, Hubert"]
[Result "1/2-1/2"]
[WhiteElo "2260"]
[BlackElo "2258"]
[PlyCount "102"]
[EventDate "2006.??.??"]

1. d4 Nf6 2. c4 c5 3. d5 b5 4. cxb5 a6 5. b6 e6 6. Nc3 exd5 7. Nxd5 Nxd5 8.
Qxd5 Nc6 9. e4 Be7 10. Bc4 O-O 11. Ne2 Rb8 12. Qd1 Rxb6 13. Nc3 Bf6 14. O-O Re8
15. Nd5 Rb8 16. Nxf6+ Qxf6 17. f3 d6 18. Rf2 Bb7 19. Rb1 Rbd8 20. Bd5 Qe7 21.
Be3 Ne5 22. Rd2 Bxd5 23. Rxd5 f5 24. exf5 Nxf3+ 25. Qxf3 Qxe3+ 26. Qxe3 Rxe3
27. Rbd1 Re2 28. Rxd6 Rxd6 29. Rxd6 Rxb2 30. Rxa6 c4 31. Rc6 Rxa2 32. Rxc4 Kf7
33. Rc6 Ra5 34. g4 h5 35. h3 hxg4 36. hxg4 Ra4 37. Rg6 Ra2 38. Kh1 Rb2 39. Rg5
Kf6 40. Rg6+ Kf7 41. Kg1 Ra2 42. Kf1 Rb2 43. Ke1 Ra2 44. Re6 Rg2 45. Rg6 Ra2
46. Rb6 Rg2 47. Rb4 g6 48. Kf1 Ra2 49. Rb7+ Kf8 50. fxg6 Ra4 51. Rf7+ Kg8
1/2-1/2

[Event "2. Bundesliga Mitte 2005/2006"]
[Site "Ansfelden"]
[Date "2006.02.03"]
[Round "5.5"]
[White "Aschenbrenner, Robert"]
[Black "Krebs, Johann"]
[Result "0-1"]
[WhiteElo "2252"]
[BlackElo "2213"]
[PlyCount "106"]
[EventDate "2006.??.??"]

1. e4 c5 2. Nf3 Nc6 3. d4 cxd4 4. Nxd4 g6 5. Nc3 Bg7 6. Be3 Nf6 7. Nxc6 bxc6 8.
e5 Nd5 9. Nxd5 cxd5 10. Qxd5 Rb8 11. Bc4 O-O 12. O-O-O d6 13. Bxa7 Be6 14. Qd3
Bxc4 15. Qxc4 Rc8 16. Qb3 Bxe5 17. Bb6 Qd7 18. a4 Ra8 19. a5 Rfb8 20. Qb4 Qc6
21. f3 Rxa5 22. Bxa5 Rxb4 23. Bxb4 Qc4 24. Bd2 Qa2 25. c3 d5 26. f4 Qa1+ 27.
Kc2 Qa4+ 28. Kb1 Bxf4 29. Bxf4 Qxf4 30. Rd4 Qg5 31. Rhd1 e6 32. g3 Kg7 33. b4
Qe3 34. Kb2 Qe2+ 35. R1d2 Qb5 36. Kb3 f5 37. c4 dxc4+ 38. Rxc4 Kf6 39. Rc5 Qb6
40. Rdc2 g5 41. b5 f4 42. Kb4 Qd8 43. R5c4 Kf5 44. Rb2 e5 45. Ka4 Qd1+ 46. Rb3
f3 47. g4+ Ke6 48. b6 f2 49. Rc6+ Kd7 50. b7 Qa1+ 51. Kb4 Qd4+ 52. Ka3 Qa7+ 53.
Kb2 Kxc6 0-1

[Event "2. Bundesliga Mitte 2005/2006"]
[Site "Ansfelden"]
[Date "2006.02.03"]
[Round "5.5"]
[White "Steiner, Stefan"]
[Black "Kastner, Walter"]
[Result "1-0"]
[WhiteElo "2215"]
[BlackElo "2207"]
[PlyCount "104"]
[EventDate "2006.??.??"]

1. Nf3 Nf6 2. d4 e6 3. Bg5 c5 4. c3 Qb6 5. Qb3 Nc6 6. Nbd2 cxd4 7. Qxb6 axb6 8.
Nxd4 Nxd4 9. cxd4 Bb4 10. a3 Ne4 11. Be3 d6 12. Rc1 Bxd2+ 13. Bxd2 Nxd2 14.
Kxd2 Bd7 15. e4 Kd8 16. Rc3 Ra4 17. Rc4 b5 18. Rxa4 bxa4 19. Bd3 Kc7 20. Kc3
Kb6 21. Kb4 Rc8 22. Rd1 Ra8 23. f4 Ra5 24. e5 h6 25. Bc4 Bb5 26. exd6 Bxc4 27.
Kxc4 Kc6 28. d7 Kxd7 29. Kb4 Ra6 30. Kb5 Kd6 31. Rc1 g5 32. fxg5 hxg5 33. Rc8
Kd5 34. Rd8+ Ke4 35. g4 Rc6 36. Kxa4 Rc4+ 37. Kb3 Rxd4 38. Rf8 Rd7 39. Kc3 Kf4
40. h3 e5 41. b4 e4 42. a4 e3 43. Re8 Kf3 44. Re5 e2 45. Rf5+ Kg2 46. Re5 Kf2
47. Rf5+ Ke1 48. Kc2 Rc7+ 49. Kb3 Kd2 50. Rd5+ Ke3 51. Re5+ Kd3 52. Kb2 Rc4 1-0

[Event "2. Bundesliga Mitte 2005/2006"]
[Site "Ansfelden"]
[Date "2006.02.03"]
[Round "5.6"]
[White "Shengelia, David"]
[Black "Zaja, Ivan"]
[Result "1-0"]
[WhiteElo "2553"]
[BlackElo "2475"]
[PlyCount "91"]
[EventDate "2006.??.??"]

1. d4 Nf6 2. c4 e6 3. Nc3 Bb4 4. Qc2 O-O 5. Bg5 h6 6. Bh4 c5 7. dxc5 Nc6 8. e3
Bxc5 9. Nf3 Be7 10. Be2 b6 11. O-O Bb7 12. Rfd1 Nh5 13. Bxe7 Qxe7 14. Nb5 Nf6
15. Nd6 Rab8 16. Rd2 Ba8 17. Rad1 Rfd8 18. a3 a5 19. h3 Ne8 20. Nxe8 Qxe8 21.
Rd6 Rb7 22. Nd4 Nxd4 23. R1xd4 Rbb8 24. Qd1 Bc6 25. Bf3 e5 26. Rd2 Bxf3 27.
Qxf3 Rdc8 28. Qe4 Rc7 29. a4 Qe7 30. R2d5 f6 31. Qd3 Rbb7 32. Rb5 Qf7 33. b3
Rc6 34. Rxc6 dxc6 35. Rxb6 Qc7 36. Rxb7 Qxb7 37. Qd8+ Kh7 38. Qxa5 Qxb3 39. Qa6
Qb1+ 40. Kh2 Qe4 41. a5 f5 42. Qb6 f4 43. a6 Qxc4 44. a7 Qa2 45. exf4 exf4 46.
Qb8 1-0

[Event "2. Bundesliga Mitte 2005/2006"]
[Site "Ansfelden"]
[Date "2006.02.03"]
[Round "5.6"]
[White "Bukal, Vladimir Jun"]
[Black "Stohl, Igor"]
[Result "1/2-1/2"]
[WhiteElo "2398"]
[BlackElo "2548"]
[PlyCount "65"]
[EventDate "2006.??.??"]

1. d4 Nf6 2. c4 e6 3. Nc3 d5 4. cxd5 exd5 5. Bg5 c6 6. Qc2 Be7 7. e3 Nbd7 8.
Bd3 Nh5 9. Bxe7 Qxe7 10. O-O-O Nb6 11. Nge2 Bg4 12. Kb1 Bxe2 13. Qxe2 g6 14. a3
Ng7 15. Rc1 Ne6 16. h4 h5 17. Qf3 Nd7 18. e4 Nxd4 19. Qg3 dxe4 20. Rhe1 Nf5 21.
Qf4 O-O 22. Bxe4 Qxh4 23. Qc7 Qd8 24. Qxb7 Nc5 25. Qxc6 Rc8 26. Qd5 Qxd5 27.
Nxd5 Nxe4 28. Rxe4 Rxc1+ 29. Kxc1 Rc8+ 30. Nc3 Nd6 31. Ra4 Nb5 32. Kd2 Nxc3 33.
bxc3 1/2-1/2

[Event "2. Bundesliga Mitte 2005/2006"]
[Site "Ansfelden"]
[Date "2006.02.03"]
[Round "5.6"]
[White "Wittmann, Walter"]
[Black "Bukal, Vladimir"]
[Result "1-0"]
[WhiteElo "2349"]
[BlackElo "2382"]
[PlyCount "99"]
[EventDate "2006.??.??"]

1. e4 e6 2. d4 d5 3. Nd2 Nf6 4. e5 Nfd7 5. Bd3 c5 6. c3 Nc6 7. Ne2 cxd4 8. cxd4
a5 9. Nf3 a4 10. a3 Nb6 11. Nc3 Bd7 12. Bc2 h6 13. h4 Ne7 14. h5 Bc6 15. Rh3
Qd7 16. Kf1 Nc4 17. Kg1 b5 18. Nh4 Qb7 19. f4 Bd7 20. g4 Qb6 21. Kh1 Nc6 22.
Nf3 Be7 23. Rg3 Kd8 24. f5 Kc8 25. Rb1 N6a5 26. Ne2 Kb7 27. Nf4 Rac8 28. fxe6
Bxe6 29. b3 axb3 30. Bxb3 Ka7 31. Ba4 Bxa3 32. Rxb5 Bxc1 33. Nxe6 Qxe6 34. Qxc1
Rb8 35. Nd2 Qa6 36. Nxc4 dxc4 37. Rxb8 Rxb8 38. Qf4 Rb1+ 39. Kh2 c3 40. Qxf7+
Nb7 41. Qf5 Qe2+ 42. Rg2 Qe1 43. Qf2 Qh1+ 44. Kg3 Rf1 45. Qe3 Ra1 46. Bc6 Qe1+
47. Qxe1 Rxe1 48. Rc2 Rd1 49. Rxc3 Rxd4 50. Bf3 1-0

[Event "2. Bundesliga Mitte 2005/2006"]
[Site "Ansfelden"]
[Date "2006.02.03"]
[Round "5.6"]
[White "Stuhlik, Marko"]
[Black "Arwanitakis, Michael"]
[Result "0-1"]
[WhiteElo "2196"]
[BlackElo "2254"]
[PlyCount "86"]
[EventDate "2006.??.??"]

1. g3 g6 2. Bg2 Bg7 3. c4 Nc6 4. Nc3 e5 5. e4 d6 6. Nge2 Bg4 7. h3 Be6 8. d3
Qd7 9. Be3 a6 10. Rc1 Nge7 11. Nd5 O-O 12. d4 f5 13. Nxe7+ Nxe7 14. dxe5 Bxe5
15. Bd4 Nc6 16. f4 Bxd4 17. Nxd4 Nxd4 18. Qxd4 fxe4 19. g4 Rxf4 20. Rf1 Qf7 21.
Kd2 Rf8 22. Qxe4 Rxe4 23. Rxf7 Rd4+ 24. Ke3 Rxf7 25. Kxd4 Rf2 26. Bxb7 Rxb2 27.
Bd5 c5+ 28. Kc3 Re2 29. Kd3 Re5 30. Bxe6+ Rxe6 31. Rb1 Kf7 32. Rb7+ Re7 33. Rb6
Ke6 34. Rxa6 Rf7 35. Ke4 g5 36. Ra4 Rf2 37. Ra7 Rf4+ 38. Ke3 Rxc4 39. Rxh7 Rc3+
40. Kd2 Ra3 41. Rh5 Rxa2+ 42. Ke3 Ra3+ 43. Kd2 d5 0-1

[Event "2. Bundesliga Mitte 2005/2006"]
[Site "Ansfelden"]
[Date "2006.02.03"]
[Round "5.6"]
[White "Manhardt, Thomas"]
[Black "Mitter, Gerd"]
[Result "1/2-1/2"]
[WhiteElo "2121"]
[BlackElo "2181"]
[PlyCount "129"]
[EventDate "2006.??.??"]

1. e4 d5 2. exd5 Nf6 3. Nc3 Nxd5 4. Bc4 e6 5. Qf3 Nb6 6. Bb3 Bd7 7. Nge2 Bc6 8.
Qg3 Qd6 9. O-O Qxg3 10. Nxg3 Be7 11. d4 O-O 12. Bf4 Na6 13. Rad1 Rad8 14. a4
Bb4 15. Nb5 Bd5 16. Nxc7 Bxb3 17. cxb3 Nd5 18. Nxd5 Rxd5 19. Ne2 Rfd8 20. Rc1
Ba5 21. Rc4 f6 22. h3 g5 23. Be3 b5 24. axb5 Rxb5 25. Ra1 Nb8 26. Nc3 Bxc3 27.
bxc3 Rd7 28. b4 Kf7 29. Rc5 a6 30. Ra5 Rdb7 31. Raxb5 axb5 32. d5 exd5 33. Rxd5
Ke6 34. Rc5 Nd7 35. Rc8 Kd5 36. Bd4 Ke6 37. Rh8 Ne5 38. Kf1 Nc6 39. Re8+ Kf7
40. Rc8 Nxd4 41. cxd4 Rd7 42. Rc5 Rxd4 43. Rxb5 Rd2 44. Rb7+ Kg6 45. b5 Rb2 46.
Rb8 h5 47. b6 h4 48. b7 Kg7 49. Ke1 Rb1+ 50. Kd2 Rb2+ 51. Kd3 Rb3+ 52. Ke4 Rb1
53. Kd5 Rb2 54. f4 Rb1 55. fxg5 fxg5 56. Ke4 Rb5 57. Kf3 Rb4 58. Ke3 Kh7 59.
Kd3 Kg7 60. Kc3 Rb1 61. Kc4 Rb2 62. Kd5 Kh7 63. Ke6 Kg7 64. Kf5 Rf2+ 65. Kxg5
1/2-1/2

[Event "2. Bundesliga Mitte 2005/2006"]
[Site "Ansfelden"]
[Date "2006.??.??"]
[Round "6.3"]
[White "Lenic Luka"]
[Black "Rogic Davor"]
[Result "1-0"]
[WhiteElo "2436"]
[BlackElo "2505"]
[PlyCount "119"]
[EventDate "2006.??.??"]

1. d4 d5 2. c4 c6 3. Nf3 Nf6 4. e3 Bf5 5. Nc3 e6 6. Nh4 Bg6 7. Nxg6 hxg6 8. g3
Nbd7 9. Bg2 Bb4 10. Qb3 Qa5 11. Bd2 Nb6 12. c5 Nc4 13. a3 Nxd2 14. Qxb4 Qxb4
15. axb4 Nde4 16. Nd1 a6 17. f3 Ng5 18. h4 Ngh7 19. Nc3 O-O-O 20. Kf2 Nf8 21.
Rad1 Kc7 22. Bh3 N8h7 23. e4 Nf8 24. Bg2 N8d7 25. e5 Ng8 26. Rde1 Ne7 27. g4
Rb8 28. Re2 Ra8 29. Kg3 Rhb8 30. h5 gxh5 31. Rxh5 Rh8 32. Rxh8 Rxh8 33. f4 g6
34. Re1 Rh7 35. Bf1 Rh1 36. Kg2 Rh8 37. Bd3 Rh4 38. Kg3 Rh8 39. Kg2 Rh4 40. Kg3
Rh8 41. Ne2 Kd8 42. Ng1 Rh1 43. Kg2 Rh4 44. Kg3 Rh1 45. Be2 Nf8 46. Bf3 Rh8 47.
Nh3 Nc8 48. Ng5 Ke8 49. Be2 Ne7 50. Ra1 Nc8 51. Bxa6 bxa6 52. Rxa6 Rh1 53. Rxc6
Kd7 54. b5 Rb1 55. Nxf7 Rxb2 56. Nd6 Nxd6 57. Rxd6+ Ke7 58. Rb6 g5 59. Rb7+ Kd8
60. f5 1-0

[Event "2. Bundesliga Mitte 2005/2006"]
[Site "Ansfelden"]
[Date "2006.02.04"]
[Round "6.3"]
[White "Sereinig, Eduard"]
[Black "Smole, Albert"]
[Result "0-1"]
[WhiteElo "2141"]
[BlackElo "2092"]
[PlyCount "92"]
[EventDate "2006.??.??"]

1. Nf3 Nf6 2. g3 d5 3. Bg2 Nbd7 4. O-O e6 5. d3 Bd6 6. Re1 c6 7. e4 Qc7 8. Qe2
dxe4 9. dxe4 e5 10. Nh4 O-O 11. Nf5 Bc5 12. Be3 Re8 13. g4 h6 14. h3 Bxe3 15.
Qxe3 Nf8 16. Nc3 b6 17. Rad1 Ba6 18. Bf1 Bxf1 19. Rxf1 Ne6 20. Kg2 Nf4+ 21. Kh2
Kh7 22. f3 g6 23. Ng3 Rad8 24. Nge2 Nxe2 25. Nxe2 Nd7 26. Qc1 Nc5 27. Rxd8 Rxd8
28. Rd1 Ne6 29. c3 Qe7 30. Rxd8 Qxd8 31. Kg2 Qd3 32. Kf2 Qd8 33. Kg2 Nc5 34. b4
Nd3 35. Qb1 c5 36. a3 c4 37. Qa2 b5 38. a4 Qh4 39. Ng1 Qe1 40. axb5 Nf4+ 41.
Kh1 Nxh3 42. Qxa7 Kg7 43. Qc5 Nf2+ 44. Kh2 Nd3 45. Qe7 Qf2+ 46. Kh1 Qg3 0-1

[Event "2. Bundesliga Mitte 2005/2006"]
[Site "Ansfelden"]
[Date "2006.02.04"]
[Round "6.4"]
[White "Kozul, Zdenko"]
[Black "Horvath, Tamas"]
[Result "1/2-1/2"]
[WhiteElo "2639"]
[BlackElo "2396"]
[PlyCount "74"]
[EventDate "2006.??.??"]

1. d4 Nf6 2. Nf3 e6 3. c4 Bb4+ 4. Nbd2 b6 5. a3 Bxd2+ 6. Qxd2 Bb7 7. e3 a5 8.
b3 d6 9. Bb2 Nbd7 10. Be2 O-O 11. O-O Qe7 12. Rfd1 h6 13. Ne1 Rfd8 14. f3 d5
15. Nd3 c5 16. a4 dxc4 17. bxc4 Ba6 18. Rdc1 Rac8 19. Nf2 Ne5 20. Qe1 cxd4 21.
Bxd4 Nfd7 22. Ra2 Nc6 23. Rb2 Nxd4 24. exd4 Qa3 25. Rbc2 Qxa4 26. Ne4 Qc6 27.
d5 exd5 28. cxd5 Qa4 29. Rxc8 Bxc8 30. Qd2 Qa3 31. Rc3 Qb4 32. Qc2 Bb7 33. Rc7
Qd4+ 34. Kf1 Qa1+ 35. Kf2 Qd4+ 36. Kf1 Qa1+ 37. Kf2 Qd4+ 1/2-1/2

[Event "2. Bundesliga Mitte 2005/2006"]
[Site "Ansfelden"]
[Date "2006.02.04"]
[Round "6.4"]
[White "Meszaros, Tamas"]
[Black "Stevic, Hrvoje"]
[Result "1/2-1/2"]
[WhiteElo "2400"]
[BlackElo "2511"]
[PlyCount "39"]
[EventDate "2006.??.??"]

1. e4 e5 2. Nf3 d6 3. d4 exd4 4. Nxd4 Nf6 5. Nc3 Be7 6. g3 Nc6 7. Bg2 O-O 8.
O-O Nxd4 9. Qxd4 c6 10. Bf4 Qb6 11. Rad1 Rd8 12. Qxb6 axb6 13. a4 Be6 14. Rd2
d5 15. exd5 cxd5 16. Bc7 Rdc8 17. Bxb6 Bb4 18. Bd4 Bxc3 19. Bxc3 Rxa4 20. Bxf6
1/2-1/2

[Event "2. Bundesliga Mitte 2005/2006"]
[Site "Ansfelden"]
[Date "2006.02.04"]
[Round "6.4"]
[White "Steflitsch, Erich"]
[Black "Sandhu, Mario"]
[Result "0-1"]
[WhiteElo "2352"]
[BlackElo "2264"]
[PlyCount "64"]
[EventDate "2006.??.??"]

1. c4 Nf6 2. Nc3 e5 3. Nf3 Nc6 4. e4 d6 5. d4 exd4 6. Nxd4 Be7 7. Be2 O-O 8.
O-O Re8 9. Re1 Nxd4 10. Qxd4 Nd7 11. Qd2 Bf6 12. f3 Nc5 13. Rb1 a5 14. Nd5 Be5
15. Qg5 Bd4+ 16. Kf1 f6 17. Qh4 c6 18. Ne3 Ne6 19. Nf5 Bc5 20. Rd1 g6 21. Nh6+
Kg7 22. Ng4 h5 23. Ne3 Ng5 24. b3 Be6 25. a3 Qe7 26. b4 axb4 27. axb4 Bb6 28.
c5 dxc5 29. b5 Bc7 30. bxc6 bxc6 31. e5 Bxe5 32. f4 Ra4 0-1

[Event "2. Bundesliga Mitte 2005/2006"]
[Site "Ansfelden"]
[Date "2006.02.04"]
[Round "6.4"]
[White "Frosch, Ronald"]
[Black "Schachinger, Mario"]
[Result "0-1"]
[WhiteElo "2213"]
[BlackElo "2183"]
[PlyCount "64"]
[EventDate "2006.??.??"]

1. d4 f5 2. Nf3 Nf6 3. b3 e6 4. Bb2 b6 5. e3 Bb7 6. Be2 Bb4+ 7. c3 Be7 8. Nbd2
O-O 9. O-O a5 10. Qc2 Qe8 11. Rac1 Qg6 12. Rfd1 d6 13. c4 Nbd7 14. d5 Nc5 15.
Nd4 Nfe4 16. N2f3 e5 17. Nb5 Bd8 18. a3 Bc8 19. Bxe5 dxe5 20. Nxe5 Qe8 21. f4
Bd7 22. b4 axb4 23. axb4 Na6 24. Qb3 Bf6 25. Nxd7 Qxd7 26. c5 Kh8 27. d6 c6 28.
cxb6 cxb5 29. Rc7 Nxc7 30. dxc7 Qc6 31. Qd5 Qxb6 32. Qxf5 Qxe3+ 0-1

[Event "2. Bundesliga Mitte 2005/2006"]
[Site "Ansfelden"]
[Date "2006.02.04"]
[Round "6.4"]
[White "Zechner, Gernot"]
[Black "Poeltl, Thomas"]
[Result "1/2-1/2"]
[WhiteElo "2169"]
[BlackElo "2159"]
[PlyCount "62"]
[EventDate "2006.??.??"]

1. d4 Nf6 2. c4 e5 3. dxe5 Ng4 4. Bf4 g5 5. Bg3 Bg7 6. Nf3 Nc6 7. Nc3 Ngxe5 8.
Nxe5 Nxe5 9. e3 d6 10. Be2 Be6 11. Rc1 O-O 12. b3 g4 13. O-O f5 14. Nd5 b6 15.
Qc2 a5 16. Rfd1 Ng6 17. Nxc7 Qxc7 18. Bxd6 Qf7 19. Bxf8 Bxf8 20. Qb2 f4 21.
exf4 Nxf4 22. Bf1 Bc5 23. a3 Qf8 24. Ra1 Ra7 25. Rd2 Rd7 26. Rxd7 Bxd7 27. Ra2
Bc6 28. Qe5 Nh3+ 29. gxh3 Qf3 30. Qe6+ Kf8 31. Qh6+ Kg8 1/2-1/2

[Event "2. Bundesliga Mitte 2005/2006"]
[Site "Ansfelden"]
[Date "2006.02.04"]
[Round "6.5"]
[White "Shengelia, David"]
[Black "Horvath, Adam"]
[Result "1-0"]
[WhiteElo "2553"]
[BlackElo "2436"]
[PlyCount "85"]
[EventDate "2006.??.??"]

1. d4 Nf6 2. c4 e6 3. Nc3 Bb4 4. Qc2 c5 5. dxc5 Qc7 6. Nf3 Bxc5 7. Bg5 a6 8. e3
Be7 9. Be2 b6 10. O-O Bb7 11. Rfd1 d6 12. Rd2 Nbd7 13. Rad1 Rd8 14. b4 O-O 15.
Qb3 Rc8 16. Bf4 e5 17. Bg5 h6 18. Bh4 g5 19. Nxg5 hxg5 20. Bxg5 Rfe8 21. Qb1 e4
22. Rd4 Bf8 23. f4 exf3 24. gxf3 Re6 25. Kf2 Bg7 26. Rg1 Nf8 27. Bd3 Rce8 28.
Rf4 Qe7 29. Nd5 Bxd5 30. cxd5 Rxe3 31. Bxf6 Re2+ 32. Bxe2 Qxe2+ 33. Kg3 Ng6 34.
Bxg7 Nxf4 35. Kxf4 Qxh2+ 36. Rg3 Qh4+ 37. Rg4 Qh2+ 38. Rg3 Qd2+ 39. Kg4 Kxg7
40. Qa1+ Kf8 41. Qf6 Qxd5 42. f4 b5 43. Qh8+ 1-0

[Event "2. Bundesliga Mitte 2005/2006"]
[Site "Ansfelden"]
[Date "2006.02.04"]
[Round "6.5"]
[White "Sakelsek, Tadej"]
[Black "Stohl, Igor"]
[Result "1/2-1/2"]
[WhiteElo "2421"]
[BlackElo "2548"]
[PlyCount "34"]
[EventDate "2006.??.??"]

1. e4 c6 2. d4 d5 3. Nc3 dxe4 4. Nxe4 Bf5 5. Ng3 Bg6 6. Nf3 Nd7 7. h4 h6 8. h5
Bh7 9. Bd3 Bxd3 10. Qxd3 e6 11. Bf4 Qa5+ 12. Bd2 Bb4 13. c3 Be7 14. c4 Qc7 15.
O-O-O Ngf6 16. Ne4 O-O 17. Kb1 Rad8 1/2-1/2

[Event "2. Bundesliga Mitte 2005/2006"]
[Site "Ansfelden"]
[Date "2006.02.04"]
[Round "6.5"]
[White "Wittmann, Walter"]
[Black "Fahrner, Kurt"]
[Result "1/2-1/2"]
[WhiteElo "2349"]
[BlackElo "2355"]
[PlyCount "35"]
[EventDate "2006.??.??"]

1. e4 e5 2. Nf3 Nc6 3. Bb5 Bc5 4. O-O Nd4 5. Nxd4 Bxd4 6. c3 Bb6 7. d4 c6 8.
Ba4 d6 9. Na3 Nf6 10. Bg5 h6 11. Bxf6 Qxf6 12. d5 Bd7 13. dxc6 bxc6 14. Nc4 Ke7
15. Qd3 Rhd8 16. Rad1 d5 17. exd5 cxd5 18. Nxb6 1/2-1/2

[Event "2. Bundesliga Mitte 2005/2006"]
[Site "Ansfelden"]
[Date "2006.02.04"]
[Round "6.5"]
[White "Ebner, Hubert"]
[Black "Arwanitakis, Michael"]
[Result "1/2-1/2"]
[WhiteElo "2258"]
[BlackElo "2254"]
[PlyCount "21"]
[EventDate "2006.??.??"]

1. d4 Nf6 2. c4 g6 3. Nc3 Bg7 4. e4 d6 5. Bd3 O-O 6. Nge2 Nc6 7. O-O Ng4 8. f3
Nh6 9. Be3 e5 10. d5 Nb4 11. Bb1 1/2-1/2

[Event "2. Bundesliga Mitte 2005/2006"]
[Site "Ansfelden"]
[Date "2006.02.04"]
[Round "6.5"]
[White "Manhardt, Thomas"]
[Black "Aschenbrenner, Robert"]
[Result "1-0"]
[WhiteElo "2121"]
[BlackElo "2252"]
[PlyCount "87"]
[EventDate "2006.??.??"]

1. e4 c5 2. d4 cxd4 3. c3 d5 4. exd5 Qxd5 5. cxd4 Nc6 6. Nf3 Bg4 7. Nc3 Bxf3 8.
gxf3 Qxd4 9. Qxd4 Nxd4 10. Nb5 Nc2+ 11. Kd1 Rc8 12. Nxa7 Rc5 13. b4 Nxb4 14.
Bb5+ Nc6 15. Be3 Rd5+ 16. Ke2 e6 17. a4 Nge7 18. Rhc1 Kd7 19. Rab1 Kd6 20. Bc4
Ra5 21. Bf4+ e5 22. Nb5+ Rxb5 23. axb5 Nd4+ 24. Kd3 Nxf3 25. Ke4 exf4 26. Kxf3
Ng6 27. Rb2 Ke5 28. b6 Ba3 29. Rb5+ Kf6 30. Ra1 Bd6 31. Bd5 Re8 32. Ra7 h5 33.
Kg2 Re5 34. Kf1 f3 35. Bc4 Re4 36. Bd5 Rf4 37. Rb3 Ne5 38. Ra2 Bb4 39. Rab2 Bc5
40. Rc2 Rd4 41. Bxf3 Nd7 42. Bxb7 Bxb6 43. Rc6+ Ke7 44. Re3+ 1-0

[Event "2. Bundesliga Mitte 2005/2006"]
[Site "Ansfelden"]
[Date "2006.02.04"]
[Round "6.5"]
[White "Loebler, Heimo"]
[Black "Nickl, Klaus"]
[Result "1-0"]
[WhiteElo "2144"]
[BlackElo "2179"]
[PlyCount "99"]
[EventDate "2006.??.??"]

1. d4 d6 2. Bg5 Nd7 3. Nf3 Ngf6 4. c4 g6 5. Nc3 Bg7 6. e3 O-O 7. Be2 c6 8. O-O
h6 9. Bh4 g5 10. Bg3 Nh5 11. Qc2 Nxg3 12. hxg3 Nf6 13. Rfd1 Bg4 14. b4 e6 15.
b5 Qe7 16. bxc6 bxc6 17. Qa4 Qc7 18. Qa6 Rfb8 19. Rab1 Rb6 20. Rxb6 Qxb6 21.
Qa3 Bf8 22. Rb1 Qc7 23. Qb4 Nd7 24. Qb7 Rc8 25. Qxc7 Rxc7 26. a4 a5 27. Kf1 d5
28. c5 e5 29. Ne1 exd4 30. exd4 Bf5 31. Bd3 Bxd3+ 32. Nxd3 Bg7 33. Ne2 Kf8 34.
Ke1 Ke7 35. g4 Kd8 36. Kd2 Kc8 37. Ndc1 Rb7 38. Rxb7 Kxb7 39. Nb3 Ka6 40. Ng3
Nf6 41. f3 Bf8 42. Kd3 Ng8 43. Nf5 Ne7 44. Nd6 Ng6 45. Nxf7 Be7 46. g3 Bf8 47.
Ke3 Ne7 48. f4 Ng6 49. Nd8 Ne7 50. Ne6 1-0

[Event "2. Bundesliga Mitte 2005/2006"]
[Site "Ansfelden"]
[Date "2006.02.04"]
[Round "6.6"]
[White "Zaja, Ivan"]
[Black "Mohr, Georg"]
[Result "1/2-1/2"]
[WhiteElo "2475"]
[BlackElo "2458"]
[PlyCount "29"]
[EventDate "2006.??.??"]

1. d4 Nf6 2. c4 g6 3. Nc3 Bg7 4. e4 d6 5. f3 O-O 6. Nge2 c5 7. d5 e6 8. Ng3
exd5 9. cxd5 Nbd7 10. Be2 h5 11. O-O a6 12. a4 h4 13. Nh1 Nh5 14. Be3 f5 15. f4
1/2-1/2

[Event "2. Bundesliga Mitte 2005/2006"]
[Site "Ansfelden"]
[Date "2006.02.04"]
[Round "6.6"]
[White "Horvath, Gyula"]
[Black "Bukal, Vladimir Jun"]
[Result "1/2-1/2"]
[WhiteElo "2441"]
[BlackElo "2398"]
[PlyCount "120"]
[EventDate "2006.??.??"]

1. c4 g6 2. d4 Bg7 3. e4 d6 4. Nc3 c5 5. Nf3 Bg4 6. d5 Nf6 7. Be2 O-O 8. h3
Bxf3 9. Bxf3 Nbd7 10. Bf4 a6 11. a4 Qb6 12. Qc2 Qb4 13. O-O Nh5 14. Bxh5 gxh5
15. Na2 Qxb2 16. Qxb2 Bxb2 17. Rab1 Be5 18. Rxb7 Bxf4 19. Rxd7 Rfb8 20. g3 Be5
21. Rxe7 Rb3 22. Kg2 Ra3 23. Nc1 Rb8 24. Ne2 Rxa4 25. Nf4 Rxc4 26. Nxh5 Kf8 27.
Ra7 Ra4 28. h4 c4 29. f4 Bd4 30. Rc7 Ra2+ 31. Kh3 c3 32. Rc1 Rab2 33. Kg4 R2b7
34. Rc6 Rb6 35. Rc7 R6b7 36. Rc6 Rb6 37. Rc7 R8b7 38. Rc4 Rb1 39. Rxb1 Rxb1 40.
Kf5 Ke7 41. e5 Re1 42. Nf6 dxe5 43. Ne4 h6 44. d6+ Kd8 45. Nc5 Bxc5 46. Rxc5
Rc1 47. Ke4 c2 48. Kd3 e4+ 49. Kd2 Rd1+ 50. Kxc2 Rxd6 51. g4 Kd7 52. h5 f6 53.
g5 e3 54. gxf6 e2 55. Re5 Rxf6 56. Rxe2 Rxf4 57. Re5 Rb4 58. Ra5 Rb6 59. Kc3
Kc7 60. Rf5 Rc6+ 1/2-1/2

[Event "2. Bundesliga Mitte 2005/2006"]
[Site "Ansfelden"]
[Date "2006.02.04"]
[Round "6.6"]
[White "Bukal, Vladimir"]
[Black "Butunoi, Alexandru"]
[Result "1/2-1/2"]
[WhiteElo "2382"]
[BlackElo "2356"]
[PlyCount "82"]
[EventDate "2006.??.??"]

1. c4 Nf6 2. Nc3 g6 3. g3 Bg7 4. Bg2 O-O 5. d4 Nc6 6. h3 a6 7. e4 d6 8. Nge2
Rb8 9. Be3 Na5 10. Qa4 b6 11. c5 Bd7 12. Qb4 Nc6 13. Qa3 bxc5 14. dxc5 Nb4 15.
O-O-O Qc8 16. Rd2 Qb7 17. g4 Bc6 18. Nd4 dxc5 19. Nxc6 Qxc6 20. f4 e5 21. Rhd1
c4 22. fxe5 Ne8 23. Rd8 Rxd8 24. Rxd8 Nd3+ 25. Kd2 Nxe5 26. Kc2 Nd6 27. Nd5 Qb7
28. Rxf8+ Bxf8 29. Bd4 Bg7 30. Qg3 Nd3 31. e5 Nb4+ 32. Kd1 Nxd5 33. exd6 Bxd4
34. d7 Bf6 35. g5 Bd8 36. Qe5 Ne3+ 37. Qxe3 Qxg2 38. Qe8+ Kg7 39. Qxd8 Qf1+ 40.
Kd2 Qd3+ 41. Ke1 Qe3+ 1/2-1/2

[Event "2. Bundesliga Mitte 2005/2006"]
[Site "Ansfelden"]
[Date "2006.02.04"]
[Round "6.6"]
[White "Pesorda, Ivan"]
[Black "Stuhlik, Marko"]
[Result "1-0"]
[WhiteElo "2260"]
[BlackElo "2196"]
[PlyCount "67"]
[EventDate "2006.??.??"]

1. d4 g6 2. c4 Bg7 3. e4 c5 4. d5 d6 5. f4 Nf6 6. Nc3 O-O 7. Be2 b5 8. cxb5 a6
9. a4 axb5 10. Bxb5 Bb7 11. Nf3 e6 12. O-O Na6 13. Bc4 exd5 14. exd5 Qd7 15. f5
Qxf5 16. Nd4 Qg4 17. Ndb5 Qxc4 18. Rf4 Bxd5 19. Rxc4 Bxc4 20. Qxd6 Rfd8 21. Qf4
Bxb5 22. axb5 Nb4 23. Rxa8 Rxa8 24. b6 Nd7 25. b7 Ra1 26. Ne2 Nd3 27. Qd6 Nxc1
28. Nxc1 Bd4+ 29. Kf1 Rxc1+ 30. Ke2 Rc2+ 31. Kd1 Rxb2 32. Qxd7 Kg7 33. Qc7 Rb1+
34. Kc2 1-0

[Event "2. Bundesliga Mitte 2005/2006"]
[Site "Ansfelden"]
[Date "2006.02.04"]
[Round "6.6"]
[White "Mitter, Gerd"]
[Black "Krebs, Johann"]
[Result "1/2-1/2"]
[WhiteElo "2181"]
[BlackElo "2213"]
[PlyCount "34"]
[EventDate "2006.??.??"]

1. Nf3 Nf6 2. c4 g6 3. g3 Bg7 4. Bg2 O-O 5. O-O c5 6. d4 cxd4 7. Nxd4 Nc6 8.
Nc3 Nxd4 9. Qxd4 d6 10. Qd3 a6 11. Be3 Ng4 12. Bd4 Ne5 13. Qd1 Rb8 14. Ba7 Ra8
15. Bd4 Rb8 16. Ba7 Ra8 17. Bd4 Rb8 1/2-1/2